The landslide /

Bibliographic Details
Main Author: Gilbert, Stephen, 1912-2010
Format: Book
Language:English
Published: New York : Knopf, 1944.
Edition:1st American ed.

MARC

Tag First Indicator Second Indicator Subfields
LEADER 00000cam a2200000 a 4500
001 in00000092477
005 20151008064227.0
008 761227r1944 nyu 00010 engec
010 |a a 44004769  
035 |a (OCoLC)02649777 
035 |9 AAK3777AM 
040 |a Lehigh Univ. Library  |c AZU  |d AZU  |d SER  |d TXA  |d UtOrBLW 
049 |a TXAM  |c [1196275] 
090 |a PR6013.I3363  |b L24 
100 1 |a Gilbert, Stephen,  |d 1912-2010. 
245 1 4 |a The landslide /  |c by Stephen Gilbert. 
250 |a 1st American ed. 
264 1 |a New York :  |b Knopf,  |c 1944. 
300 |a 249 pages ;  |c 21 cm. 
336 |a text  |b txt  |2 rdacontent 
337 |a unmediated  |b n  |2 rdamedia 
338 |a volume  |b nc  |2 rdacarrier 
999 |a MARS 
999 f f |s dd0446c4-3589-3713-ae62-fb5fdcf542c6  |i 22ef49b6-da96-3d9d-8287-874658dcef28  |t 0 
952 f f |p ric  |a Texas A&M University  |b Rellis Campus  |c Joint Library Facility  |d Remote Storage  |t 0  |e PR6013.I3363 L24  |h Library of Congress classification  |i unmediated -- volume  |m A14806186445 
998 f f |a PR6013.I3363 L24  |t 0  |l Remote Storage